书目信息 |
| 题名: |
通背缠拳
|
|
| 作者: | 清玄散人 著 | |
| 分册: | ||
| 出版信息: | 北京 人民体育出版社 2010 |
|
| 页数: | 564页 | |
| 开本: | 21cm | |
| 丛书名: | ||
| 单 册: | ||
| 中图分类: | G852.17 | |
| 科图分类: | ||
| 主题词: | 通背拳--中国 , 通背拳 | |
| 电子资源: | ||
| ISBN: | 978-7-5009-3759-3 | |
| 000 | 00743nam0 2200241 45 | |
| 001 | 1132081640 | |
| 005 | 20110314091207.10 | |
| 010 | @a978-7-5009-3759-3@dCNY34.00 | |
| 100 | @a20110120d2010 em y0chiy50 ea | |
| 101 | 0 | @achi |
| 102 | @aCN@b110000 | |
| 105 | @aa z 000yy | |
| 106 | @ar | |
| 200 | 1 | @a通背缠拳@ATong Bei Chan Quan@f陈国锁著@FChen Guo Suo Zhu |
| 210 | @a北京@c人民体育出版社@d2010 | |
| 215 | @a564页@c图@d21cm | |
| 330 | @a本书共分八章,内容包括:通背缠拳源流、通背缠拳的内涵、陈王廷《拳经总论》注解、通背缠拳二十四势等。 | |
| 606 | 0 | @a通背拳@y中国 |
| 606 | 0 | @a通背拳 |
| 690 | @aG852.17@v4 | |
| 701 | 0 | @a清玄散人@AQing Xuan San Ren@4著 |
| 801 | 0 | @aCN@bTANGWEI@c20110314 |
| 905 | @b0532408-11@dG852.17@e260@f4 | |
| 通背缠拳/陈国锁著.-北京:人民体育出版社,2010 |
| 564页:图;21cm |
| ISBN 978-7-5009-3759-3:CNY34.00 |
| 本书共分八章,内容包括:通背缠拳源流、通背缠拳的内涵、陈王廷《拳经总论》注解、通背缠拳二十四势等。 |
| ● |
| 相关链接 |
|
|
|
|
正题名:通背缠拳
索取号:G852.17/260
 
预约/预借
| 序号 | 登录号 | 条形码 | 馆藏地/架位号 | 状态 | 备注 |
| 1 | 0532408 | 205324086 | 第一样本阅览室/ [索取号:G852.17/260] | 在馆 | |
| 2 | 0532409 | 205324095 | 密集书库-体育系/ [索取号:G852.17/260] | 在馆 | |
| 3 | 0532410 | 205324102 | 第四借阅区/ [索取号:G852.17/260] | 在馆 | |
| 4 | 0532411 | 205324111 | 第四借阅区/ [索取号:G852.17/260] | 在馆 |